LEADER 01822oam 2200457 a 450 001 9910693080003321 005 20041014064109.0 035 $a(CKB)5470000002358702 035 $a(OCoLC)56038058 035 9 $aocm56038058 035 $a(OCoLC)995470000002358702 035 $a(EXLCZ)995470000002358702 100 $a20040728d2004 ua 0 101 0 $aeng 135 $aurmn|||||| 181 $ctxt$2rdacontent 182 $cc$2rdamedia 183 $acr$2rdacarrier 200 10$aHomeland security$b[electronic resource] $eselected recommendations from congressionally chartered commissions and GAO : report to the Subcommittee on National Security, Emerging Threats, and International Relations, Committee on Government Reform, House of Representatives 210 1$a[Washington, D.C.] :$cU.S. General Accounting Office,$d[2004] 300 $aTitle from title screen (viewed on July 27, 2004). 300 $a"March 2004." 300 $aPaper version available from: U.S. General Accounting Office, 441 G St., NW, Rm. LM, Washington, D.C. 20548. 300 $a"GAO-04-591." 320 $aIncludes bibliographical references. 517 $aHomeland security 606 $aNational security$zUnited States 606 $aInternal security$zUnited States 606 $aCivil defense$zUnited States 606 $aTerrorism$zUnited States$xPrevention 615 0$aNational security 615 0$aInternal security 615 0$aCivil defense 615 0$aTerrorism$xPrevention. 712 02$aUnited States.$bCongress.$bHouse.$bCommittee on Government Reform.$bSubcommittee on National Security, Emerging Threats, and International Relations. 801 0$bGPO 801 1$bGPO 906 $aBOOK 912 $a9910693080003321 996 $aHomeland Security$91686681 997 $aUNINA LEADER 03727nam 22005175 450 001 9910350303403321 005 20251211004305.0 010 $a981-13-6420-6 024 7 $a10.1007/978-981-13-6420-4 035 $a(CKB)4100000007598391 035 $a(MiAaPQ)EBC5683649 035 $a(DE-He213)978-981-13-6420-4 035 $a(EXLCZ)994100000007598391 100 $a20190207d2019 u| 0 101 0 $aeng 135 $aurcnu|||||||| 181 $ctxt$2rdacontent 182 $cc$2rdamedia 183 $acr$2rdacarrier 200 10$aIntegration of Air Conditioning and Heating into Modern Power Systems $eEnabling Demand Response and Energy Efficiency /$fby Yi Ding, Yonghua Song, Hongxun Hui, Changzheng Shao 210 1$aSingapore :$cSpringer Singapore :$cImprint: Springer,$d2019. 215 $a1 online resource (191 pages) 311 08$a981-13-6419-2 327 $aAir Conditioning and Heating as Demand Response in Modern Power Systems -- Aggregated Air Conditioners for Providing Operating Reserve -- Heterogeneous Air Conditioner Aggregation for Providing Operating Reserve considering Price Signals -- Air Conditioner Aggregation for Providing Operating Reserve considering Lead-Lag Rebound Effect -- Inverter Air Conditioner Aggregation for Providing Frequency Regulation Service -- Integration of Flexible Heating Demand into the Integrated Energy System -- Incorporating Demand Response of Heat and Electricity in the Integrated Energy System -- Economical Evaluation of the Flexible Resources for Providing the Operational Flexibility in the Power System. 330 $aThis book focuses on the integration of air conditioning and heating as a form of demand response into modern power system operation and planning. It presents an in-depth study on air conditioner aggregation, and examines various models of air conditioner aggregation and corresponding control methods in detail. Moreover, the book offers a comprehensive and systematic treatment of incorporating flexible heating demand into integrated energy systems, making it particularly well suited for readers who are interested in learning about methods and solutions for demand response in smart grids. It offers a valuable resource for researchers, engineers, and graduate students in the fields of electrical and electronic engineering, control engineering, and computer engineering. 606 $aProduction of electric energy or 606 $aEnergy security 606 $aPower Electronics, Electrical Machines and Networks$3http://scigraph.springernature.com/things/product-market-codes/T24070 606 $aEnergy Security$3http://scigraph.springernature.com/things/product-market-codes/121000 606 $aControl and Systems Theory$3http://scigraph.springernature.com/things/product-market-codes/T19010 606 $aBuilding Physics, HVAC$3http://scigraph.springernature.com/things/product-market-codes/T23080 615 0$aProduction of electric energy or. 615 0$aEnergy security. 615 14$aPower Electronics, Electrical Machines and Networks. 615 24$aEnergy Security. 615 24$aControl and Systems Theory. 615 24$aBuilding Physics, HVAC. 676 $a697.93 700 $aDing$b Yi$c(Electrical engineering teacher)$4aut$4http://id.loc.gov/vocabulary/relators/aut$01864225 702 $aSong$b Yong-Hua$4aut$4http://id.loc.gov/vocabulary/relators/aut 702 $aHui$b Hongxun$4aut$4http://id.loc.gov/vocabulary/relators/aut 702 $aShao$b Changzheng$4aut$4http://id.loc.gov/vocabulary/relators/aut 906 $aBOOK 912 $a9910350303403321 996 $aIntegration of Air Conditioning and Heating into Modern Power Systems$94470997 997 $aUNINA